00712 2200193 4500001002100000005001500021035002000036008004100056245004500097100001800142250000600160260003400166300001200200084001400212082000800226650001000234520026200244990001200506INLIS00000000000108720240522102110 a0010-0524000322240522 1 ind 1 aKutinggal Dia Karena DIA /cDunia Jilbab aJilbab, Dunia a1 aJakarta :bWahyu Qolbu,c2015 a248 hlm a813 DUN k a813 4aFiksi aJodoh memang rahasia Allah. Dan untuk mendapatkan jodoh terbaik, tidak harus melalui proses pacaran. Datang dan serahkan semuanya pada Allah. Dengan ridho dan izin-Nya, jodoh terbaikmu pasti segera datang; entah dengan cara bagaimana, kapan, dan di mana.... a0744065